| 000 | nam a22 a 4500 | ||
|---|---|---|---|
| 999 |
_c444066 _d444066 |
||
| 003 | BLK | ||
| 005 | 20220208113242.0 | ||
| 008 | 220208b bu |||||r|||| 00| | bu d | ||
| 040 | _aBLK | ||
| 041 |
_aBUL _cBUL |
||
| 080 |
_aПроизводствени отношения. Имуществени отношения. Собственост. Отношения на разпределение. Условия на производството _b330.111.6 _z330.111.6 |
||
| 100 |
_9378281 _aЮдин, Павел Фьодорович _eпърви автор |
||
| 139 | _aЮдин, Павел Фьодорович | ||
| 245 |
_aЗа пълното съответствие на производителните сили и производствените отношения в СССР _cПавел Ф. Юдин ; прев. от рус. Асен Кемилев |
||
| 260 |
_9209547 _aСофия _bНар. култура _c1950 _n954-04- |
||
| 300 |
_a42 с. _c17 см |
||
| 380 | _a3 | ||
| 490 |
_9207879 _aБиблиотека В помощ на изучаващите политическа икономия |
||
| 650 | 0 |
_9275895 _aПроизводителност на труда |
|
| 653 | 7 |
_9194666 _aпроизводителност на труда |
|
| 653 | 7 |
_9194669 _aпроизводствени отношения |
|
| 700 |
_91121 _aКемилев, Асен _eпрев. от рус. |
||
| 852 |
_aЦб I 1145 _bО |
||
| 942 |
_cKNG _n0 _s1 |
||
| 944 |
_aCR _c2022-02-08 _kХристина Везирева |
||